Paul Bowles (Record no. 7802)

MARC details
000 -LEADER
campo de control de longitud fija 00806nam a2200241 i 4500
001 - NÚMERO DE CONTROL
campo de control 7802
003 - IDENTIFICADOR DE NÚMERO DE CONTROL
campo de control ES-MaACL
005 - FECHA Y HORA DE LA ÚLTIMA TRANSACCIÓN
campo de control 20230906145321.0
007 - CAMPO FIJO DE DESCRIPCIÓN FÍSICA--INFORMACIÓN GENERAL
campo de control de longitud fija t|
008 - DATOS DE LONGITUD FIJA--INFORMACIÓN GENERAL
campo de control de longitud fija 910511s1991 sp ||||1| spa d
020 ## - NÚMERO INTERNACIONAL ESTÁNDAR DEL LIBRO
Número Internacional Estándar del Libro 84-339-0767--0
080 ## - NÚMERO DE LA CLASIFICACIÓN DECIMAL UNIVERSAL
Número de la Clasificación Decimal Universal 92 Bowles, Paul
080 ## - NÚMERO DE LA CLASIFICACIÓN DECIMAL UNIVERSAL
Número de la Clasificación Decimal Universal 82.0(73)(Bowles,P.):92
100 1# - ENTRADA PRINCIPAL--NOMBRE DE PERSONA
Nombre de persona Sawyer-Laucanno, Christopher.
9 (RLIN) 104095
245 10 - MENCIÓN DEL TÍTULO
Título Paul Bowles
Resto del título : el espectador invisible /
Mención de responsabilidad, etc. Christopher Sawyer-Laucanno ; traduccion de Damian Alou.
260 ## - PUBLICACIÓN, DISTRIBUCIÓN, ETC.
Lugar de publicación, distribución, etc. Barcelona :
Nombre del editor, distribuidor, etc. Anagrama,
Fecha de publicación, distribución, etc. D.L. 1991.
300 ## - DESCRIPCIÓN FÍSICA
Extensión 500 p., [16] p. de fot. ;
Dimensiones 23 cm.
490 1# - MENCIÓN DE SERIE
Mención de serie Biblioteca de la memoria ;
Designación de volumen o secuencia 2
600 14 - PUNTO DE ACCESO ADICIONAL DE MATERIA--NOMBRE DE PERSONA
Nombre de persona Bowles, Paul-
Subdivisión general Biografías.
9 (RLIN) 31147
830 0# - PUNTO DE ACCESO ADICIONAL DE SERIE-TÍTULO UNIFORME
Título uniforme Biblioteca de la memoria ;
Designación de volumen o secuencia 2
9 (RLIN) 177960
852 ## - LOCALIZACIÓN
Ubicación ES-MaACL
Número de control de estantería L-15079
Sublocalización o colección R.119443
Nota libre . - cart.
Holdings
Estatus retirado Estado de pérdida Estado de daño No para préstamo Biblioteca de origen Biblioteca actual Ubicación en estantería Fecha de adquisición Fuente de adquisición Total de préstamos Signatura topográfica completa Código de barras Visto por última vez Precio de reemplazo Tipo de ítem Koha
        Biblioteca del Ateneo de Madrid Biblioteca del Ateneo de Madrid Depósito 2 17/01/2008     L-15079 1007958 23/02/2023 23/02/2023 Libro impreso